000 01771cam a2200397 i 4500
001 24762
003 Mx-PuUPA
005 20250818132254.0
008 140415s2015 mx ad gr 000 0 spa d
020 _a9786070269936
_qrústica
020 _a9786070269875
_qcolección rústica
040 _aMx-PuUPA
_bspa
_cMx-PuUPA
_dMx-PuUPA
_erda
041 0 _aspa
043 _an-mx---
100 1 _aFuentes, Mario Luis,
_d1956-
_917316
_eauto
245 1 0 _aConocimientos, ideas y representaciones acerca de niños, adolescentes y jóvenes :
_b¿cambio o continuidad? encuesta nacional de niños, adolescentes y jóvenes /
_cMario Luis Fuentes Alcalá, Mónica González Contró, Mauricio Padrón Innamorato, Erika Tapia Nava
250 _aPrimera edición /
_bagosto
264 1 _aMéxico, D.F. :
_bUniversidad Nacional Autónoma de México : Instituto de Investigaciones Jurídicas,
_c2015
300 _a202 páginas :
_bilustraciones, gráficas ;
_c23 cm
336 _2rdacontent
_atexto
_btxt
337 _2rdamedia
_asin medio
_bn
338 _2rdacarrier
_avolumen
_bnc
490 0 _aLos mexicanos vistos por sí mismos. Los grandes temas nacionales ;
_v6
650 7 _2armarc
_aNiños
_xCondiciones sociales
_zMéxico
_ySiglo XXI
650 7 _2armarc
_aNiños
_xOpinión pública
_zMéxico
650 7 _2armarc
_aDerechos del niño
_zMéxico
_xOpinión pública
650 7 _2armarc
_aEncuestas sociales
_zMéxico
700 1 _aGonzález Contró, Mónica,
_eautor
700 1 _aPadrón Innamorato, Mauricio,
_eautor
700 1 _aTapia Nava, Erika,
_eautor
942 _2ddc
_cLI
_h305.230972
_iF53
999 _c24762
_d24762